Eastern Utah Libraries Catalog: Duchesne, Heber, Roosevelt, & Vernal

The ageless brain : (Record no. 406067)

MARC details
000 -LEADER
fixed length control field 02318cam a2200373 i 4500
001 - CONTROL NUMBER
control field 2024047951
003 - CONTROL NUMBER IDENTIFIER
control field DLC
005 - DATE AND TIME OF LATEST TRANSACTION
control field 20250626124826.0
007 - PHYSICAL DESCRIPTION FIXED FIELD--GENERAL INFORMATION
fixed length control field t|
008 - FIXED-LENGTH DATA ELEMENTS--GENERAL INFORMATION
fixed length control field 241009s2025 nyu b 001 0 eng
010 ## - LIBRARY OF CONGRESS CONTROL NUMBER
LC control number 2024047951
020 ## - INTERNATIONAL STANDARD BOOK NUMBER
International Standard Book Number 9781250362599
Qualifying information (hardback)
020 ## - INTERNATIONAL STANDARD BOOK NUMBER
Cancelled/invalid ISBN 9781250376367
Qualifying information (ebook)
035 ## - SYSTEM CONTROL NUMBER
System control number (OCoLC)1474362019
040 ## - CATALOGING SOURCE
Original cataloging agency DLC
Language of cataloging eng
Description conventions rda
Transcribing agency DLC
Modifying agency DLC
-- DLC-MRC
-- DLC
-- TnLvILS
042 ## - AUTHENTICATION CODE
Authentication code pcc
050 00 - LIBRARY OF CONGRESS CALL NUMBER
Classification number RC523.2
Item number .B7349 2025
082 00 - DEWEY DECIMAL CLASSIFICATION NUMBER
Classification number 616.8/311
Edition number 23/eng/20250307
092 ## - LOCALLY ASSIGNED DEWEY CALL NUMBER (OCLC)
Classification number general nonfiction
Item number 616.8311 Bredesen, Dale E.
100 1# - MAIN ENTRY--PERSONAL NAME
Personal name Bredesen, Dale E.
Relator term author
Relator code aut
-- http://id.loc.gov/vocabulary/ relators/aut
9 (RLIN) 6059711
245 14 - TITLE STATEMENT
Title The ageless brain :
Remainder of title how to sharpen and protect your mind for a lifetime /
Statement of responsibility, etc Dale E. Bredesen, MD.
250 ## - EDITION STATEMENT
Edition statement First edition.
264 #1 - Production, Publication, Distribution, Manufacture, and Copyright Notice.
Place of production, publication, distribution, manufacture New York :
Name of producer, publisher, distributor, manufacturer Flatiron Books,
Date of production, publication, distribution, manufacture, or copyr 2025.
300 ## - PHYSICAL DESCRIPTION
Extent 369 pages ;
Dimensions 25 cm
336 ## - Content Type
Content type term text
337 ## - Media type
Media type term unmediated
338 ## - Carrier type
Carrier type term volume
504 ## - BIBLIOGRAPHY, ETC. NOTE
Bibliography, etc Includes bibliographical references and index.
520 ## - SUMMARY, ETC.
Summary, etc "In recent decades, advances in medicine have changed the way we think about our health. ... But there is one class of conditions that continues to elude researchers and cause tremendous suffering: neurodegenerative disease. More than six million Americans live with Alzheimer's disease; by 2050, this number is projected to reach thirteen million. An additional one in ten people over the age of sixty-five have dementia, while 22 percent of older adults live with some form of cognitive impairment. ... For many--especially those with a genetic predisposition--this fate has seemed inevitable. Until now. Dr. Dale Bredesen is a pioneer in the field of neurodegenerative research. Lauded for his integrative protocol, he has, in clinical studies, reversed the symptoms of Alzheimer's and dementia. He shared this information in his bestselling book, The End of Alzheimer's. But Dr. Bredesen doesn't want to only treat the symptoms of this devastating illness. He wants to prevent it from developing in the first place"--
650 #0 - SUBJECT ADDED ENTRY--TOPICAL TERM
Topical term or geographic name as entry element Alzheimer's disease
General subdivision Prevention
Form subdivision Popular works.
9 (RLIN) 6417898
650 #0 - SUBJECT ADDED ENTRY--TOPICAL TERM
Topical term or geographic name as entry element Brain
General subdivision Aging
Form subdivision Popular works.
9 (RLIN) 6541620
650 #0 - SUBJECT ADDED ENTRY--TOPICAL TERM
Topical term or geographic name as entry element Nervous system
General subdivision Degeneration
-- Prevention
Form subdivision Popular works.
9 (RLIN) 6541621
942 ## - ADDED ENTRY ELEMENTS (KOHA)
Source of classification or shelving scheme Dewey Decimal Classification
Koha item type BOOK
Holdings
Withdrawn status Lost status Source of classification or shelving scheme Damaged status Not for loan Collection code Home library Current library Shelving location Date acquired Source of acquisition Total Checkouts Total Renewals Full call number Barcode Date last seen Date checked out Cost, replacement price Price effective from Koha item type
    Dewey Decimal Classification     General NonFiction Wasatch County Library Wasatch County Library Second Floor 06/26/2025 Ingram 2 3 616.83 Bredesen 34301002116319 10/02/2025 09/02/2025 29.99 06/26/2025 BOOK
This project was made possible through a grant from the Institute of Museum and Library Service administered by the Utah State Library Division.

Wasatch County Library

  • 465 East 1200 South, Heber City, Utah 84032
  • Phone 435-654-1511 | Fax 435-654-6456

Hours

  • Monday - Friday 9:30 AM - 8:00 PM
  • Saturday 9:30 AM - 1:30 PM
  • Closed Sundays and Holidays